Foot-and-mouth in the courts (Record no. 68747)
[ view plain ]
| 000 -LEADER | |
|---|---|
| fixed length control field | 01429cam a2200265 4500 |
| 001 - CONTROL NUMBER | |
| control field | ABS64739 |
| 008 - FIXED-LENGTH DATA ELEMENTS--GENERAL INFORMATION | |
| fixed length control field | 011101n2001 000 0 eng u |
| 035 ## - SYSTEM CONTROL NUMBER | |
| System control number | (Sirsi) u115433 |
| 100 ## - MAIN ENTRY--PERSONAL NAME | |
| Personal name | English, R |
| 245 ## - TITLE STATEMENT | |
| Title | Foot-and-mouth in the courts |
| 260 ## - PUBLICATION, DISTRIBUTION, ETC. | |
| Date of publication, distribution, etc. | 2001 |
| 490 ## - SERIES STATEMENT | |
| Series statement | New Law Journal |
| Volume/sequential designation | 151(7004) 19 October 2001, 1515-1516(2) |
| 520 ## - SUMMARY, ETC. | |
| Summary, etc. | Considers the implications of "Westerhall Farm v Scottish Ministers", the first legal challenge to foot and mouth slaughter policy in Scotland. "Westerhall Farm" petitioned the notification that all their livestock would be slaughtered on the following grounds: the decision was contrary to Council Directive 85/11/EEC and the European Convention on Human Rights Article 6; the slaughter policy was inflexible and a disproportionate invasion of their property rights; and the procedure used to implement the policy were contrary to Scottish administrative law. It was found that the slaughter policy was justifiable on all counts. |
| 590 ## - LOCAL NOTE (RLIN) | |
| Local note | ABS |
| 650 ## - SUBJECT ADDED ENTRY--TOPICAL TERM | |
| Topical term or geographic name entry element | FOOT-AND-MOUTH DISEASE |
| 650 ## - SUBJECT ADDED ENTRY--TOPICAL TERM | |
| Topical term or geographic name entry element | WESTERHALL FARM V SCOTTISH MINISTERS |
| 650 ## - SUBJECT ADDED ENTRY--TOPICAL TERM | |
| Topical term or geographic name entry element | HUMAN RIGHTS ACT 1998 |
| 650 ## - SUBJECT ADDED ENTRY--TOPICAL TERM | |
| Topical term or geographic name entry element | EU DIRECTIVE |
| 650 ## - SUBJECT ADDED ENTRY--TOPICAL TERM | |
| Topical term or geographic name entry element | CONVENTION FOR THE PROTECTION OF HUMAN RIGHTS AND FUNDAMENTAL FREEDOMS |
| 650 ## - SUBJECT ADDED ENTRY--TOPICAL TERM | |
| Topical term or geographic name entry element | SLAUGHTER POLICY |
| 650 ## - SUBJECT ADDED ENTRY--TOPICAL TERM | |
| Topical term or geographic name entry element | PROPERTY-RURAL AND NATURAL ASSETS-AGRICULTURAL PROPERTY-LIVESTOCK |
| 650 ## - SUBJECT ADDED ENTRY--TOPICAL TERM | |
| Topical term or geographic name entry element | SCOTLAND |
| 690 ## - LOCAL SUBJECT ADDED ENTRY--TOPICAL TERM (OCLC, RLIN) | |
| Topical term or geographic name as entry element | Rural |
| 9 (RLIN) | 6268 |
| 942 ## - ADDED ENTRY ELEMENTS (KOHA) | |
| Suppress in OPAC | 0 |
| Withdrawn status | Lost status | Source of classification or shelving scheme | Damaged status | Not for loan | Home library | Current library | Shelving location | Date acquired | Total Checkouts | Full call number | Barcode | Date last seen | Copy number | Price effective from | Koha item type |
|---|---|---|---|---|---|---|---|---|---|---|---|---|---|---|---|
| Dewey Decimal Classification | London | London | Journal article | 01/11/2001 | ABS64739 | 115433-1001 | 06/08/2019 | 1 | 06/08/2019 | Journal article |